ბათუმის შოთა რუსთაველის სახელმწიფო უნივერსიტეტის ბიბლიოთეკა

ოლიმპიური თამაშები (ბიბ.ჩანაწერი № 51394)

000 -LEADER
fixed length control field 00740nam a2200241Ia 4500
001 - CONTROL NUMBER
control field 18379
003 - CONTROL NUMBER IDENTIFIER
control field GE_BSU
008 - FIXED-LENGTH DATA ELEMENTS--GENERAL INFORMATION
fixed length control field 181216s||||||||xx |||||||||||||| ||und||
020 ## - INTERNATIONAL STANDARD BOOK NUMBER
International Standard Book Number 99928-64-66-4
040 ## - CATALOGING SOURCE
Transcribing agency GE_BSU
080 ## - UNIVERSAL DECIMAL CLASSIFICATION NUMBER
Universal Decimal Classification number 796
100 ## - MAIN ENTRY--PERSONAL NAME
Personal name ძაგანია, გურამ
245 ## - TITLE STATEMENT
Title ოლიმპიური თამაშები
260 ## - PUBLICATION, DISTRIBUTION, ETC.
Place of publication, distribution, etc. თბილისი
260 ## - PUBLICATION, DISTRIBUTION, ETC.
Date of publication, distribution, etc. 2004
300 ## - PHYSICAL DESCRIPTION
Extent 170 გვ. ; 20 სმ.
300 ## - PHYSICAL DESCRIPTION
Accompanying material ბიბლიოგრ.: გვ. 165-167
653 ## - INDEX TERM--UNCONTROLLED
Uncontrolled term ოლიმპიური თამაშები
653 ## - INDEX TERM--UNCONTROLLED
Uncontrolled term ოლიმპიური თამაშების ისტორია
653 ## - INDEX TERM--UNCONTROLLED
Uncontrolled term სპორტი
942 ## - ADDED ENTRY ELEMENTS (KOHA)
Koha item type წიგნი
ეგზემპლარები
Withdrawn status Lost status Damaged status Not for loan Date acquired Barcode Date last seen Price effective from Koha item type
        2018-12-17 1102 2018-12-17 2018-12-17 წიგნი